Basic real analysis

Αποθηκεύτηκε σε:
Λεπτομέρειες βιβλιογραφικής εγγραφής
Κύριος συγγραφέας: Knapp, Anthony W.
Μορφή: Βιβλίο
Γλώσσα:English
Δημοσίευση: Boston : Birkhauser, c2005
Σειρά:Cornerstones
Θέματα:
Ετικέτες: Προσθήκη ετικέτας
Δεν υπάρχουν, Καταχωρήστε ετικέτα πρώτοι!

MARC

LEADER 00000nam a2200000 i 4500
001 1/51758
008 070820s2005 eng d
020 |a 978-0-8176-3250-2 
020 |a 0-8176-3250-6 
035 |l 10089809 
040 |a GR-MY-UA  |b gre  |e aacr 
041 0 |a eng 
082 0 |a 515  |2 (22) 
100 1 |a Knapp, Anthony W. 
245 1 0 |a Basic real analysis /  |c Antony W.Knapp 
260 |a Boston :   |b Birkhauser,   |c c2005 
300 |a xxi, 653 σ.;  |b εικ.;  |c 25 εκ. 
490 1 |a Cornerstones 
504 |a Περιλαμβάνει βιβλιογραφικές παραπομπές (σ. 637-638) και ευρετήρια. 
650 0 0 |a Mathematical analysis. 
830 0 |a Cornerstones 
852 |a INST  |b SAMOS  |e 20070820  |h 515 KNA  |p 005300025548  |q 005300025548  |t BK  |y 0 
901 |a BIBL3-2007-2 
909 |a Σ  |b 137331 
922 |a 3ΕΛΗ  |b 200707  |c ΕΠΕΑΕΚ2/ΤΜΠΕΣ  |d ΕΛΕΥΘΕΡΟΥΔΑΚΗΣ 
970 |a ΣΙΤΖΙΜΗ  |b ΓΙΑΣΕΜΗ  |z 2007/08/20